| 000 | 00534nam a2200181Ia 4500 | ||
|---|---|---|---|
| 003 | GCL | ||
| 008 | 140319s9999 xx 000 0 ara d | ||
| 040 |
_aGCL / _cGCL |
||
| 082 | 0 | 4 |
_a811.009 _bص م |
| 100 | 1 | _aصادق مكى | |
| 245 | 1 | 0 |
_aملامح الفكر الدينى فى الشعر الجاهلى / _cصادق مكى |
| 260 |
_a[S.N] : _bدار الفكر اللبنانى ، _c1991 |
||
| 300 | _a168 ص | ||
| 490 | _a | ||
| 650 | 0 | 4 | _aالشعر الدينى |
| 650 | 0 | 4 | _aالشعر الجاهلى |
| 942 |
_2ddc _cBK |
||
| 999 |
_c54300 _d54300 |
||